| 000 | 00920nam a2200277Ia 4500 | ||
|---|---|---|---|
| 008 | |||
| 020 | _a0853696357 (pbk.) | ||
| 049 | _aMAIN | ||
| 090 |
_aRS131.3 _bGRE |
||
| 110 |
_aGreat Britain. _bBritish National Formulary. |
||
| 245 | 0 | 0 |
_aBNF 50 : _bBNF.org / _cBritish National Formulary. |
| 260 |
_aLondon : _bBMJ Publishing Group, _c2005. |
||
| 300 |
_axiv, 912 p. ; _c22 cm. |
||
| 500 | _aIncludes indexes. | ||
| 650 | 2 |
_aFormularies _xGreat Britain. |
|
| 650 | 2 |
_aPrescriptions, Drug _xNurses' Instruction. |
|
| 650 | 0 |
_aNursing _xmedicine-formulae, receipts, prescription. |
|
| 710 | 2 | _aBritish Medical Association. | |
| 710 | 2 | _aRoyal Pharmaceutical Society of Great Britain. | |
| 740 | 0 | _aBritish national formulary. | |
| 907 |
_a.b1022211x _b17-07-12 _c07-12-06 |
||
| 003 | |||
| 005 | 20230120204011.0 | ||
| 040 | _cNUST | ||
| 942 |
_cBOOKS _kRS131.3 _mGRE |
||
| 999 |
_c115340 _d115340 |
||